[Event "40. Open Ciudad de San Sebastián 2017"]
[Site "San Sebastián ESP"]
[Date "2017.04.10"]
[Round "4.10"]
[White "Srienz, Christian"]
[Black "Torres Novalbos, David"]
[Result "1/2-1/2"]
[WhiteElo "2196"]
[BlackElo "2020"]
[PlyCount "53"]
[EventDate "2017.04.08"]
[EventType "swiss"]
[EventRounds "9"]
[EventCountry "ESP"]
[SourceTitle "Ajedrez en Madrid"]
[Source "lmi"]
[SourceDate "2017.04.08"]

1. c4 e6 2. Nc3 d5 3. d4 c6 4. e4 dxe4 5. Nxe4 Bb4+ 6. Bd2 Qxd4 7. Bxb4 Qxe4+
8. Be2 Na6 9. Bc3 f6 10. Nf3 Ne7 11. O-O O-O 12. Re1 e5 13. Bd3 Qg4 14. h3 Qh5
15. b3 Qf7 16. Qb1 g6 17. Qb2 Nc5 18. Bf1 Bf5 19. Re3 Rae8 20. Qa3 Na6 21. Rae1
c5 22. g4 Bc8 23. Bg2 Nc6 24. Nd2 Nab4 25. Bxc6 Nxc6 26. Qxc5 Qd7 27. Qd5+
1/2-1/2

[Event "40. Open Ciudad de San Sebastián 2017"]
[Site "San Sebastián ESP"]
[Date "2017.04.10"]
[Round "4.11"]
[White "Garrido Fernandez, David"]
[Black "Perez Pacheco, Ricardo"]
[Result "0-1"]
[WhiteElo "1927"]
[BlackElo "2192"]
[PlyCount "100"]
[EventDate "2017.04.08"]
[EventType "swiss"]
[EventRounds "9"]
[EventCountry "ESP"]
[SourceTitle "Ajedrez en Madrid"]
[Source "lmi"]
[SourceDate "2017.04.08"]

1. e4 c5 2. Nc3 Nc6 3. g3 g6 4. Bg2 Bg7 5. d3 d6 6. Be3 Nd4 7. Qd2 Qa5 8. f4 e6
9. Nf3 Ne7 10. O-O O-O 11. Rf2 Nec6 12. Nd1 Qxd2 13. Rxd2 Nxf3+ 14. Bxf3 b6 15.
c3 Bb7 16. Nf2 Rac8 17. Kg2 Rfd8 18. g4 h6 19. f5 Ne5 20. fxe6 fxe6 21. Be2 d5
22. exd5 Bxd5+ 23. Kg3 g5 24. Ne4 c4 25. d4 Bxe4 26. dxe5 Bxe5+ 27. Kh3 Bd5 28.
Rdd1 Rf8 29. Rf1 Kg7 30. Rxf8 Rxf8 31. a4 Rb8 32. Bd4 Bxd4 33. cxd4 a6 34. Rc1
b5 35. axb5 axb5 36. Kg3 Ra8 37. Bf3 Ra2 38. Bxd5 exd5 39. Rb1 Kg6 40. h4 b4
41. hxg5 Kxg5 42. Kf3 Ra6 43. Re1 Rf6+ 44. Kg3 Rc6 45. Re5+ Kg6 46. Re2 c3 47.
bxc3 bxc3 48. Rc2 Rc4 49. Kf4 Rxd4+ 50. Ke5 Rd3 0-1

[Event "40. Open Ciudad de San Sebastián 2017"]
[Site "San Sebastián ESP"]
[Date "2017.04.10"]
[Round "4.12"]
[White "Ladron De Guevara Galar, Fco J"]
[Black "Nogues Fernandez, Ramon"]
[Result "1-0"]
[WhiteElo "2153"]
[BlackElo "1922"]
[PlyCount "63"]
[EventDate "2017.04.08"]
[EventType "swiss"]
[EventRounds "9"]
[EventCountry "ESP"]
[SourceTitle "Ajedrez en Madrid"]
[Source "lmi"]
[SourceDate "2017.04.08"]

1. d4 Nf6 2. c4 e6 3. Nc3 c5 4. d5 exd5 5. cxd5 d6 6. e4 g6 7. Bd3 Bg7 8. h3
O-O 9. Nf3 b5 10. Nxb5 Re8 11. O-O Nxe4 12. Re1 a6 13. Nc3 Nxc3 14. bxc3 Nd7
15. Rxe8+ Qxe8 16. Qa4 Bb7 17. Qb3 Rb8 18. Rb1 Bc6 19. dxc6 Rxb3 20. cxd7 Qxd7
21. Rxb3 Qc7 22. Be4 h6 23. Bd5 c4 24. Rb7 Qa5 25. Bxf7+ Kh8 26. Bxc4 d5 27.
Bb3 Qxc3 28. Bd2 Qc8 29. Rb6 d4 30. Rxg6 Qb7 31. Rd6 Qa7 32. Rd8+ 1-0

[Event "40. Open Ciudad de San Sebastián 2017"]
[Site "San Sebastián ESP"]
[Date "2017.04.11"]
[Round "5.1"]
[White "Stella, Andrea"]
[Black "Lopez Martinez, Josep Manuel"]
[Result "1/2-1/2"]
[WhiteElo "2500"]
[BlackElo "2583"]
[PlyCount "66"]
[EventDate "2017.04.08"]
[EventType "swiss"]
[EventRounds "9"]
[EventCountry "ESP"]
[SourceTitle "Ajedrez en Madrid"]
[Source "lmi"]
[SourceDate "2017.04.08"]

1. Nf3 Nf6 2. c4 e6 3. g3 b6 4. Bg2 Bb7 5. O-O Be7 6. d4 O-O 7. Re1 Bb4 8. Bd2
a5 9. Nc3 d6 10. Qc2 Bxc3 11. Bxc3 Be4 12. Qd1 Nbd7 13. Rc1 h6 14. b3 a4 15.
Nd2 Bxg2 16. Kxg2 axb3 17. axb3 b5 18. Qc2 bxc4 19. bxc4 c5 20. dxc5 Nxc5 21.
Red1 Qe7 22. Bxf6 Qxf6 23. Ne4 Nxe4 24. Qxe4 Qe7 25. Rb1 Rac8 26. Qb7 Qxb7+ 27.
Rxb7 Rfd8 28. Rb6 Rxc4 29. Rbxd6 Rxd6 30. Rxd6 g5 31. Ra6 Rc2 32. Kf3 Rc3+ 33.
Kg2 Rc2 1/2-1/2

[Event "40. Open Ciudad de San Sebastián 2017"]
[Site "San Sebastián ESP"]
[Date "2017.04.11"]
[Round "5.2"]
[White "Gascon Del Nogal, Jose Rafael"]
[Black "Narciso Dublan, Marc"]
[Result "0-1"]
[WhiteElo "2489"]
[BlackElo "2508"]
[PlyCount "98"]
[EventDate "2017.04.08"]
[EventType "swiss"]
[EventRounds "9"]
[EventCountry "ESP"]
[SourceTitle "Ajedrez en Madrid"]
[Source "lmi"]
[SourceDate "2017.04.08"]

1. e4 e6 2. d4 d5 3. Nc3 Bb4 4. exd5 exd5 5. Bd3 Nf6 6. Nge2 O-O 7. O-O Re8 8.
Bg5 c6 9. Ng3 h6 10. Bf4 Nbd7 11. a3 Bf8 12. Qf3 Nc5 13. Bf5 Ne6 14. Be3 g6 15.
Bxe6 Bxe6 16. h3 Bg7 17. Qd1 Ne4 18. Nce2 Nd6 19. b3 h5 20. Nf4 h4 21. Nxe6
Rxe6 22. Ne2 Nf5 23. Bc1 Qe7 24. Nf4 Bxd4 25. Nxe6 Bxa1 26. Bg5 Bf6 27. Bxf6
Qxf6 28. Nc5 Qc3 29. Na4 Qd4 30. Qe1 b6 31. c3 Qf6 32. Qd2 Re8 33. Re1 Rxe1+
34. Qxe1 Qe7 35. Qxe7 Nxe7 36. Kf1 Kg7 37. Ke2 Kf6 38. Kd3 g5 39. Ke3 Nf5+ 40.
Kd3 Nd6 41. Nb2 Ne4 42. f3 Nc5+ 43. Kc2 Kf5 44. b4 Ne6 45. a4 Nf4 46. a5 Nxg2
47. Kd2 Nf4 48. Na4 bxa5 49. bxa5 Nxh3 0-1

[Event "40. Open Ciudad de San Sebastián 2017"]
[Site "San Sebastián ESP"]
[Date "2017.04.11"]
[Round "5.3"]
[White "Panelo, Marcelo"]
[Black "Urriza Iricibar, Pablo"]
[Result "1-0"]
[WhiteElo "2373"]
[BlackElo "2228"]
[PlyCount "59"]
[EventDate "2017.04.08"]
[EventType "swiss"]
[EventRounds "9"]
[EventCountry "ESP"]
[SourceTitle "Ajedrez en Madrid"]
[Source "lmi"]
[SourceDate "2017.04.08"]

1. Nf3 g6 2. c4 Bg7 3. d4 c5 4. d5 Nf6 5. Nc3 d6 6. e4 O-O 7. h3 e6 8. Bd3 exd5
9. exd5 Re8+ 10. Be3 Nfd7 11. O-O Ne5 12. Nxe5 Bxe5 13. Qd2 f5 14. Rae1 Nd7 15.
Bg5 Nf6 16. Nb5 a6 17. Bxf6 Qxf6 18. Nc7 Bd7 19. Kh1 f4 20. f3 h5 21. b4 cxb4
22. Nxa8 Rxa8 23. Qxb4 b5 24. Re2 g5 25. c5 Bd4 26. c6 Bc8 27. Rfe1 Be3 28. Qe4
Qf7 29. Rxe3 fxe3 30. Qxe3 1-0

[Event "40. Open Ciudad de San Sebastián 2017"]
[Site "San Sebastián ESP"]
[Date "2017.04.11"]
[Round "5.4"]
[White "Del Rey, Diego"]
[Black "Cinza Lopez, Javier"]
[Result "1-0"]
[WhiteElo "2356"]
[BlackElo "2011"]
[PlyCount "75"]
[EventDate "2017.04.08"]
[EventType "swiss"]
[EventRounds "9"]
[EventCountry "ESP"]
[SourceTitle "Ajedrez en Madrid"]
[Source "lmi"]
[SourceDate "2017.04.08"]

1. d4 d5 2. Bg5 Bf5 3. e3 Nd7 4. c4 Bxb1 5. Rxb1 c6 6. b4 Ngf6 7. Bxf6 Nxf6 8.
c5 a6 9. Bd3 g6 10. f4 Bg7 11. Nf3 O-O 12. O-O Nd7 13. Qc2 f5 14. g4 e6 15. g5
h6 16. gxh6 Bxh6 17. Kh1 Rf7 18. Rg1 Rg7 19. Rg3 Qf6 20. a4 Kh8 21. Qg2 Rag8
22. b5 axb5 23. axb5 Ra8 24. Rg1 Rag8 25. bxc6 bxc6 26. Bc2 Nb8 27. Ba4 Qe7 28.
Ne5 g5 29. Rh3 Rh7 30. fxg5 Bxg5 31. Nf3 Rgg7 32. Nxg5 Rxh3 33. Qxh3+ Kg8 34.
Qh6 e5 35. Qe6+ Kh8 36. Qc8+ Rg8 37. Qxf5 exd4 38. Nf7+ 1-0

[Event "40. Open Ciudad de San Sebastián 2017"]
[Site "San Sebastián ESP"]
[Date "2017.04.11"]
[Round "5.5"]
[White "Lopez De Turiso, Jose Angel"]
[Black "Becerra, Juan David"]
[Result "0-1"]
[WhiteElo "2030"]
[BlackElo "2341"]
[PlyCount "144"]
[EventDate "2017.04.08"]
[EventType "swiss"]
[EventRounds "9"]
[EventCountry "ESP"]
[SourceTitle "Ajedrez en Madrid"]
[Source "lmi"]
[SourceDate "2017.04.08"]

1. d4 Nf6 2. c4 e6 3. Nc3 b6 4. e4 Bb4 5. e5 Ne4 6. Qc2 f5 7. exf6 Nxf6 8. Bd3
Bb7 9. Nge2 O-O 10. O-O Qe8 11. Ng3 Nc6 12. Nce2 Bd6 13. a3 Bxg3 14. fxg3 e5
15. Rxf6 Rxf6 16. Bxh7+ Kh8 17. Bg5 Nxd4 18. Nxd4 exd4 19. Bxf6 Qe3+ 20. Kh1
gxf6 21. Rf1 Rf8 22. Qf5 Qe2 23. Rf2 Qe1+ 24. Rf1 Qe2 25. Rf2 Qe6 26. Qd3 Re8
27. h4 Qe1+ 28. Rf1 Qe2 29. Rg1 Qxd3 30. Bxd3 Re3 31. Bf5 Rxg3 32. Kh2 Rb3 33.
Re1 Bc6 34. Re2 Re3 35. Rxe3 dxe3 36. Kg1 e2 37. Kf2 Bxg2 38. Kxe2 d6 39. Ke3
Kg7 40. Kf4 Bf1 41. Be6 Bd3 42. Ke3 Bf1 43. Kf2 Bd3 44. Ke3 Bb1 45. Bg4 Kg6 46.
Kf4 Bd3 47. Be6 c6 48. Bg8 Kh5 49. Kg3 Bc2 50. Bf7+ Kh6 51. Be8 c5 52. Bc6 a5
53. Bf3 Bd3 54. Bd5 b5 55. cxb5 Bxb5 56. Kf4 Bd3 57. Ke3 Bc2 58. Kf4 Kh5 59.
Kg3 Bf5 60. Bf7+ Bg6 61. Bd5 Kh6 62. Kg4 Kg7 63. h5 Bc2 64. Kh4 Bd1 65. Bc4 Kh6
66. Bf7 Bf3 67. Be8 d5 68. Bc6 f5 69. Kg3 Be4 70. Be8 Kg5 71. Kf2 f4 72. Bf7 d4
0-1

[Event "40. Open Ciudad de San Sebastián 2017"]
[Site "San Sebastián ESP"]
[Date "2017.04.11"]
[Round "5.6"]
[White "Prieto Aranguren, Alain"]
[Black "Lakunza Oyarbide, Juan Carlos"]
[Result "1-0"]
[WhiteElo "2224"]
[BlackElo "2063"]
[PlyCount "79"]
[EventDate "2017.04.08"]
[EventType "swiss"]
[EventRounds "9"]
[EventCountry "ESP"]
[SourceTitle "Ajedrez en Madrid"]
[Source "lmi"]
[SourceDate "2017.04.08"]

1. d4 Nf6 2. c4 g6 3. Nc3 Bg7 4. e4 d6 5. Be2 O-O 6. Nf3 e5 7. d5 Nbd7 8. O-O
Nc5 9. Qc2 a5 10. Bg5 h6 11. Be3 Nfd7 12. Nd2 f5 13. f3 Nf6 14. a3 Nh5 15. b4
axb4 16. axb4 Rxa1 17. Rxa1 Nd7 18. c5 Nf4 19. Bf1 fxe4 20. Ndxe4 Nf6 21. Nxf6+
Qxf6 22. Ne4 Qe7 23. Qc4 Qf7 24. cxd6 Nxd5 25. Bc5 Be6 26. dxc7 Nxc7 27. Qc2
Ra8 28. Rxa8+ Nxa8 29. Nd6 Qd7 30. Bb5 Qe7 31. Qxg6 b6 32. Nc8 Qf7 33. Qxf7+
Kxf7 34. Nxb6 Nc7 35. Bc4 Bxc4 36. Nxc4 Ke6 37. Nd6 Kd5 38. Nf5 Bf6 39. Nxh6
Na6 40. Ng4 1-0

[Event "40. Open Ciudad de San Sebastián 2017"]
[Site "San Sebastián ESP"]
[Date "2017.04.11"]
[Round "5.7"]
[White "Moreto Quintana, Alex"]
[Black "Garcia-Castany Musellas, Gal.L"]
[Result "0-1"]
[WhiteElo "2060"]
[BlackElo "2195"]
[PlyCount "56"]
[EventDate "2017.04.08"]
[EventType "swiss"]
[EventRounds "9"]
[EventCountry "ESP"]
[SourceTitle "Ajedrez en Madrid"]
[Source "lmi"]
[SourceDate "2017.04.08"]

1. Nf3 d5 2. d4 Nf6 3. c4 e6 4. cxd5 exd5 5. Nc3 Be7 6. Bg5 c6 7. Qc2 Nbd7 8.
e3 h6 9. Bh4 Nh5 10. Bxe7 Qxe7 11. O-O-O Nhf6 12. Bd3 O-O 13. Rhg1 Nb6 14. Ne5
Ng4 15. Nxg4 Bxg4 16. Rde1 c5 17. dxc5 Qxc5 18. Nb5 Nc4 19. Nd4 Rfc8 20. Kb1
Qb4 21. Bxc4 Rxc4 22. Qd3 Rac8 23. Ka1 Qa5 24. h3 Bd7 25. g4 Bb5 26. Nb3 Qxa2+
27. Kxa2 Ra4+ 28. Kb1 Rac4 0-1

[Event "40. Open Ciudad de San Sebastián 2017"]
[Site "San Sebastián ESP"]
[Date "2017.04.11"]
[Round "5.8"]
[White "Perez Pacheco, Ricardo"]
[Black "Troffiguer, Olivier"]
[Result "1/2-1/2"]
[WhiteElo "2192"]
[BlackElo "2059"]
[PlyCount "51"]
[EventDate "2017.04.08"]
[EventType "swiss"]
[EventRounds "9"]
[EventCountry "ESP"]
[SourceTitle "Ajedrez en Madrid"]
[Source "lmi"]
[SourceDate "2017.04.08"]

1. b3 e5 2. Bb2 Nc6 3. e3 Nf6 4. Nf3 d6 5. d4 exd4 6. exd4 Be7 7. d5 Nb4 8. c4
Bg4 9. Be2 a5 10. Nc3 O-O 11. O-O Re8 12. Re1 Qd7 13. Nd4 Bxe2 14. Rxe2 Bf8 15.
a3 Na6 16. Qd2 Rxe2 17. Ncxe2 Nc5 18. f3 Re8 19. Re1 b6 20. Nc1 g6 21. Rxe8
Qxe8 22. Qe2 Qxe2 23. Ndxe2 Bg7 24. Kf1 Nfd7 25. Bd4 a4 26. bxa4 1/2-1/2

[Event "40. Open Ciudad de San Sebastián 2017"]
[Site "San Sebastián ESP"]
[Date "2017.04.11"]
[Round "5.9"]
[White "Laliena Solanes, Luis"]
[Black "Alfaro Garcia Del Cerro, Juan"]
[Result "1-0"]
[WhiteElo "2179"]
[BlackElo "2047"]
[PlyCount "51"]
[EventDate "2017.04.08"]
[EventType "swiss"]
[EventRounds "9"]
[EventCountry "ESP"]
[SourceTitle "Ajedrez en Madrid"]
[Source "lmi"]
[SourceDate "2017.04.08"]

1. e4 c5 2. Nc3 Nc6 3. Bb5 Nd4 4. Bc4 g6 5. Nge2 Bg7 6. Nxd4 cxd4 7. Qf3 e6 8.
Nb5 d6 9. Qa3 Be5 10. c3 dxc3 11. d4 cxb2 12. Bxb2 a6 13. dxe5 axb5 14. Qxa8
bxc4 15. exd6 f6 16. Qa4+ Bd7 17. Qxc4 Qa5+ 18. Bc3 Qb5 19. Qxb5 Bxb5 20. a4
Bc6 21. a5 Bb5 22. Rb1 Ba6 23. Rc1 Nh6 24. Bxf6 O-O 25. d7 Nf7 26. Rc8 1-0

[Event "40. Open Ciudad de San Sebastián 2017"]
[Site "San Sebastián ESP"]
[Date "2017.04.11"]
[Round "5.10"]
[White "Martinez De Soria Gordon, Jose"]
[Black "Ladron De Guevara Galar, Fco J"]
[Result "0-1"]
[WhiteElo "1910"]
[BlackElo "2153"]
[PlyCount "118"]
[EventDate "2017.04.08"]
[EventType "swiss"]
[EventRounds "9"]
[EventCountry "ESP"]
[SourceTitle "Ajedrez en Madrid"]
[Source "lmi"]
[SourceDate "2017.04.08"]

1. e4 e5 2. Nc3 Nf6 3. g3 Nc6 4. Bg2 Bc5 5. Nge2 a6 6. Nd5 d6 7. c3 Ba7 8. d3
h6 9. Be3 O-O 10. Bxa7 Nxa7 11. O-O Ne8 12. Qb3 c6 13. Nb6 Be6 14. c4 Rb8 15.
f4 Bg4 16. Rae1 Bxe2 17. Rxe2 Nb5 18. cxb5 Qxb6+ 19. Kh1 Qxb5 20. Qc3 f6 21.
Ref2 Nc7 22. d4 Rfe8 23. fxe5 dxe5 24. d5 Rbd8 25. Rc1 Rd6 26. Bf1 Qa4 27. Qc4
Qxc4 28. Rxc4 Red8 29. dxc6 Rxc6 30. Rxc6 bxc6 31. Rc2 Rd6 32. Kg2 Kf8 33. Kf3
Nb5 34. Kg4 g6 35. h4 h5+ 36. Kh3 Ke7 37. g4 hxg4+ 38. Kxg4 Kd7 39. h5 gxh5+
40. Kxh5 Kc7 41. Kg4 Kb6 42. Rh2 Nd4 43. b4 Rd7 44. Rh6 Rd6 45. Rh2 Rd7 46. Rh6
Rf7 47. Bc4 Rf8 48. a4 a5 49. bxa5+ Kxa5 50. Kh5 Kxa4 51. Kg6 Kb4 52. Bf7 Rd8
53. Kxf6 Rd6+ 54. Kxe5 Rxh6 55. Kxd4 c5+ 56. Ke5 c4 57. Bxc4 Kxc4 58. Kf5 Kd4
59. Kg5 Re6 0-1

[Event "40. Open Ciudad de San Sebastián 2017"]
[Site "San Sebastián ESP"]
[Date "2017.04.11"]
[Round "5.11"]
[White "Llano Olabarrieta, Joseba"]
[Black "Iglesias Ojeda, Fernando"]
[Result "1/2-1/2"]
[WhiteElo "2146"]
[BlackElo "2047"]
[PlyCount "125"]
[EventDate "2017.04.08"]
[EventType "swiss"]
[EventRounds "9"]
[EventCountry "ESP"]
[SourceTitle "Ajedrez en Madrid"]
[Source "lmi"]
[SourceDate "2017.04.08"]

1. e4 e5 2. Nf3 d6 3. d4 Nf6 4. dxe5 Nxe4 5. Qd5 Nc5 6. Bg5 Qd7 7. exd6 Bxd6 8.
Nc3 Qe6+ 9. Be3 Qxd5 10. Nxd5 Nba6 11. O-O-O Bd7 12. b4 Ne6 13. Bxa6 bxa6 14.
Rhe1 Bc6 15. c4 O-O-O 16. Bxa7 Bxd5 17. cxd5 Nf4 18. g3 Ng6 19. a3 a5 20. Ng5
Rd7 21. bxa5 Bxa3+ 22. Kc2 Kb7 23. Be3 h6 24. Ne4 f5 25. Nc3 Ra8 26. Ra1 Bd6
27. a6+ Rxa6 28. Reb1+ Rb6 29. Bxb6 cxb6 30. Na4 Rc7+ 31. Kd2 Bc5 32. f4 Nf8
33. Kd3 Nd7 34. Rc1 Rc8 35. Rab1 Ka6 36. Nc3 Rd8 37. Re1 Bd6 38. Re6 Nc5+ 39.
Kc4 Nxe6 40. dxe6 Rc8+ 41. Kd5 Be7 42. Na2 Rc5+ 43. Kd4 Rc6 44. Re1 Kb7 45. Kd3
Kc7 46. Nc3 Rc5 47. Re5 Rxe5 48. fxe5 Kc6 49. Kc4 g5 50. Nb5 Bc5 51. e7 Kd7 52.
Kd5 Kxe7 53. Na7 f4 54. Nc6+ Ke8 55. gxf4 gxf4 56. Ke4 Kd7 57. Nb8+ Ke6 58.
Kxf4 Bg1 59. Ke4 Bxh2 60. Nc6 Bg1 61. Nb4 h5 62. Nd5 h4 63. Nxb6 1/2-1/2

[Event "40. Open Ciudad de San Sebastián 2017"]
[Site "San Sebastián ESP"]
[Date "2017.04.11"]
[Round "5.12"]
[White "Munoz Avila, Jose Luis"]
[Black "Fernandez Garcia, Francisco Jo"]
[Result "1-0"]
[WhiteElo "2100"]
[BlackElo "1871"]
[PlyCount "113"]
[EventDate "2017.04.08"]
[EventType "swiss"]
[EventRounds "9"]
[EventCountry "ESP"]
[SourceTitle "Ajedrez en Madrid"]
[Source "lmi"]
[SourceDate "2017.04.08"]

1. Nf3 c5 2. c4 Nc6 3. d4 cxd4 4. Nxd4 e5 5. Nc2 Nf6 6. Nc3 Bc5 7. Be3 Bxe3 8.
Nxe3 O-O 9. g3 d6 10. Bg2 Be6 11. O-O a6 12. Qd2 Rc8 13. Rfc1 Ng4 14. Nxg4 Bxg4
15. e3 Be6 16. Ne4 d5 17. cxd5 Bxd5 18. Qxd5 Qxd5 19. Nf6+ gxf6 20. Bxd5 Rfd8
21. Bxc6 bxc6 22. Rc2 Kg7 23. Rac1 Rd6 24. g4 Kg6 25. Kg2 f5 26. h3 fxg4 27.
hxg4 h5 28. gxh5+ Kxh5 29. Rc5 f6 30. Ra5 Rb8 31. b3 Rb6 32. Kf3 Kg5 33. Rc4
Rd5 34. Rac5 Rd2 35. Rg4+ Kf5 36. Ra4 Ke6 37. Rca5 f5 38. Rxa6 e4+ 39. Kg2 Rxa6
40. Rxa6 Rb2 41. Rxc6+ Ke5 42. Ra6 Rb1 43. Ra5+ Kf6 44. Rb5 Kg5 45. a4 Kg4 46.
Rb4 Rb2 47. a5 Ra2 48. Ra4 Rb2 49. a6 Rxb3 50. a7 f4 51. exf4 e3 52. a8=Q e2
53. Qg8+ Kf5 54. Qg5+ Ke6 55. Qe5+ Kf7 56. Ra7+ Kg8 57. Qe8# 1-0

[Event "40. Open Ciudad de San Sebastián 2017"]
[Site "San Sebastián ESP"]
[Date "2017.04.12"]
[Round "6.1"]
[White "Narciso Dublan, Marc"]
[Black "Panelo, Marcelo"]
[Result "1/2-1/2"]
[WhiteElo "2508"]
[BlackElo "2373"]
[PlyCount "46"]
[EventDate "2017.04.08"]
[EventType "swiss"]
[EventRounds "9"]
[EventCountry "ESP"]
[SourceTitle "Ajedrez en Madrid"]
[Source "lmi"]
[SourceDate "2017.04.08"]

1. d4 Nf6 2. Bg5 d5 3. e3 c6 4. Bd3 Bg4 5. Ne2 e6 6. O-O Be7 7. c4 O-O 8. Nbc3
dxc4 9. Bxc4 Nd5 10. Bxe7 Qxe7 11. Qb3 Bxe2 12. Bxe2 Nxc3 13. bxc3 Qc7 14. Rab1
b6 15. f4 Nd7 16. e4 Nf6 17. Qc2 c5 18. Bd3 g6 19. Qb2 Rad8 20. Rbd1 Qc6 21.
Rfe1 Qc7 22. Rf1 Qc6 23. Rfe1 Qc7 1/2-1/2

[Event "40. Open Ciudad de San Sebastián 2017"]
[Site "San Sebastián ESP"]
[Date "2017.04.12"]
[Round "6.2"]
[White "Lopez Martinez, Josep Manuel"]
[Black "Gascon Del Nogal, Jose Rafael"]
[Result "1-0"]
[WhiteElo "2583"]
[BlackElo "2489"]
[PlyCount "93"]
[EventDate "2017.04.08"]
[EventType "swiss"]
[EventRounds "9"]
[EventCountry "ESP"]
[SourceTitle "Ajedrez en Madrid"]
[Source "lmi"]
[SourceDate "2017.04.08"]

1. Nf3 d6 2. g3 e5 3. Bg2 Nf6 4. c4 g6 5. O-O Bg7 6. d4 Nbd7 7. Nc3 O-O 8. e4
c6 9. b3 exd4 10. Nxd4 Re8 11. Bb2 Nc5 12. Qc2 a5 13. Rad1 Qb6 14. Kh1 a4 15.
f3 axb3 16. axb3 Nfd7 17. Nce2 Ne5 18. Bc3 Ra3 19. Ra1 Rxb3 20. Ba5 Rb2 21.
Bxb6 Rxc2 22. Nxc2 Nxc4 23. Bxc5 Bxa1 24. Bxd6 Bg7 25. Bc5 f5 26. Bd4 fxe4 27.
fxe4 Nd2 28. Re1 Nxe4 29. Bxg7 Kxg7 30. Kg1 Ng5 31. Kf2 Rf8+ 32. Ke3 Re8+ 33.
Kd2 Bg4 34. Nc3 Rxe1 35. Nxe1 Bh3 36. Bxh3 Nxh3 37. Nd3 g5 38. Ke3 h5 39. Ne4
Kg6 40. Nd6 g4 41. Nxb7 Ng5 42. Nf4+ Kh6 43. Nd6 Nf3 44. h4 gxh3 45. Kxf3 h2
46. Kg2 Kg5 47. Nxh5 1-0

[Event "40. Open Ciudad de San Sebastián 2017"]
[Site "San Sebastián ESP"]
[Date "2017.04.12"]
[Round "6.3"]
[White "Becerra, Juan David"]
[Black "Stella, Andrea"]
[Result "0-1"]
[WhiteElo "2341"]
[BlackElo "2500"]
[PlyCount "64"]
[EventDate "2017.04.08"]
[EventType "swiss"]
[EventRounds "9"]
[EventCountry "ESP"]
[SourceTitle "Ajedrez en Madrid"]
[Source "lmi"]
[SourceDate "2017.04.08"]

1. b3 e5 2. Bb2 Nc6 3. c4 Nf6 4. e3 Be7 5. Nf3 e4 6. Nd4 O-O 7. Be2 Nxd4 8.
exd4 d5 9. O-O c6 10. d3 Bf5 11. dxe4 Nxe4 12. Bd3 Bg6 13. Bxe4 Bxe4 14. Nc3
Bf5 15. Qf3 Be6 16. c5 Qd7 17. h3 Bf5 18. Bc1 Bf6 19. Be3 Rfe8 20. Rfd1 Be4 21.
Qg3 Qf5 22. Qg4 h5 23. Qxf5 Bxf5 24. b4 b5 25. a4 a5 26. Nxb5 cxb5 27. axb5
axb4 28. Rxa8 Rxa8 29. b6 Rb8 30. Bf4 Rb7 31. g4 hxg4 32. hxg4 Bxg4 0-1

[Event "40. Open Ciudad de San Sebastián 2017"]
[Site "San Sebastián ESP"]
[Date "2017.04.12"]
[Round "6.4"]
[White "Ladron De Guevara Galar, Fco J"]
[Black "Del Rey, Diego"]
[Result "1-0"]
[WhiteElo "2153"]
[BlackElo "2356"]
[PlyCount "65"]
[EventDate "2017.04.08"]
[EventType "swiss"]
[EventRounds "9"]
[EventCountry "ESP"]
[SourceTitle "Ajedrez en Madrid"]
[Source "lmi"]
[SourceDate "2017.04.08"]

1. d4 d6 2. Nf3 Nf6 3. c4 g6 4. Nc3 Bg7 5. e4 Nbd7 6. Bg5 e5 7. d5 h6 8. Bh4 g5
9. Bg3 Nh5 10. h4 Nxg3 11. fxg3 g4 12. Nh2 h5 13. Bd3 Nf8 14. O-O Ng6 15. c5
Bh6 16. Qe2 O-O 17. Rf5 Bxf5 18. exf5 Nh8 19. Nxg4 hxg4 20. Qxg4+ Bg7 21. h5 f6
22. h6 Rf7 23. Kf2 Kf8 24. Rh1 Bxh6 25. Rxh6 Ke7 26. Ne4 Qg8 27. Qh4 Raf8 28.
Be2 dxc5 29. Bh5 Kd8 30. Bxf7 Nxf7 31. Qxf6+ Kc8 32. Qe6+ Kb8 33. Nf6 1-0

[Event "40. Open Ciudad de San Sebastián 2017"]
[Site "San Sebastián ESP"]
[Date "2017.04.12"]
[Round "6.5"]
[White "Munoz Avila, Jose Luis"]
[Black "Prieto Aranguren, Alain"]
[Result "1/2-1/2"]
[WhiteElo "2100"]
[BlackElo "2224"]
[PlyCount "103"]
[EventDate "2017.04.08"]
[EventType "swiss"]
[EventRounds "9"]
[EventCountry "ESP"]
[SourceTitle "Ajedrez en Madrid"]
[Source "lmi"]
[SourceDate "2017.04.08"]

1. Nf3 Nf6 2. c4 g6 3. Nc3 Bg7 4. e4 d6 5. d4 O-O 6. Be3 e5 7. dxe5 dxe5 8.
Qxd8 Rxd8 9. Nd5 Rd7 10. Nxf6+ Bxf6 11. c5 Nc6 12. Bb5 Rd8 13. Bxc6 bxc6 14.
O-O Rb8 15. b3 Rb4 16. Nd2 Be6 17. Rfc1 Kg7 18. Rc3 h6 19. a3 Rbb8 20. Kf1 Bg5
21. Ke2 Bxe3 22. Kxe3 a5 23. Rb1 f5 24. exf5 gxf5 25. Nc4 Rd4 26. Nxa5 Rbd8 27.
Ke2 Rd2+ 28. Ke1 Ra2 29. Rd1 Rxd1+ 30. Kxd1 Bd5 31. Nc4 Bxc4 32. bxc4 Kf6 33.
Rc2 Rxa3 34. Kd2 e4 35. Rc3 Rxc3 36. Kxc3 Ke5 37. g3 h5 38. h3 f4 39. Kd2 Kd4
40. gxf4 Kxc4 41. Ke3 Kxc5 42. Kxe4 Kd6 43. Kd4 h4 44. f5 c5+ 45. Kc4 Ke5 46.
Kxc5 Kxf5 47. Kc6 Kf4 48. Kxc7 Kf3 49. Kd6 Kxf2 50. Ke5 Ke3 51. Kf5 Kf3 52. Ke5
1/2-1/2

[Event "40. Open Ciudad de San Sebastián 2017"]
[Site "San Sebastián ESP"]
[Date "2017.04.12"]
[Round "6.6"]
[White "Garcia-Castany Musellas, Gal.L"]
[Black "Laliena Solanes, Luis"]
[Result "1-0"]
[WhiteElo "2195"]
[BlackElo "2179"]
[PlyCount "87"]
[EventDate "2017.04.08"]
[EventType "swiss"]
[EventRounds "9"]
[EventCountry "ESP"]
[SourceTitle "Ajedrez en Madrid"]
[Source "lmi"]
[SourceDate "2017.04.08"]

1. e4 d5 2. exd5 Qxd5 3. Nc3 Qd8 4. d4 Nf6 5. Nf3 c6 6. h3 Bf5 7. Be2 e6 8. Be3
Nbd7 9. Nh4 Bg6 10. Nxg6 hxg6 11. Qd2 Bb4 12. O-O Nd5 13. Qd3 Bxc3 14. bxc3 b5
15. a4 a6 16. axb5 axb5 17. c4 Nxe3 18. fxe3 bxc4 19. Qxc4 Rc8 20. Bg4 Qe7 21.
Ra6 Qd6 22. Bf3 O-O 23. Rxc6 Nb6 24. Qb5 Rxc6 25. Qxc6 Qxc6 26. Bxc6 Rc8 27.
Be4 Nd5 28. Bxd5 exd5 29. Rc1 Rc3 30. Kf2 f5 31. Ke2 g5 32. Kd2 Rc6 33. Rf1 Rf6
34. Kd3 g6 35. c4 dxc4+ 36. Kxc4 Ra6 37. Rb1 Ra3 38. Rb3 Ra2 39. Kd5 Rxg2 40.
Ke6 Rg3 41. d5 Rg1 42. d6 Rd1 43. d7 Kg7 44. Ke7 1-0